Normal view
MARC view
- Olliver, Charles Wolfran
Entry Personal Name
001 - CONTROL NUMBER
- control field: 41378
003 - CONTROL NUMBER IDENTIFIER
- control field: NUST
005 - DATE AND TIME OF LATEST TRANSACTION
- control field: 20210314132036.0
008 - FIXED-LENGTH DATA ELEMENTS
- fixed length control field: 210314|| aca||aabn | a|a d
040 ## - CATALOGING SOURCE
- Original cataloging agency: NUST
- Transcribing agency: NUST
100 ## - HEADING--PERSONAL NAME
- Personal name: Olliver, Charles Wolfran
670 ## - SOURCE DATA FOUND
- Source citation: Work cat.: (NUST): Olliver, Charles Wolfran,, The A. C. commutator motor,, 1927.
